000 00483nam a2200181Ia 4500
008 230714s9999 xx 000 0 und d
020 _a9790000000000
041 _aeng
082 _a005.13'3
_bWAM
100 _aWampler D.
_9198491
245 _aProgramming Scala
250 _a2nd ed.
260 _c2015
_bSPD/O'Reilly
300 _a548
365 _cRs.
_b1050.00
700 _aWampler D. & Payne A.
_9198492
906 _dO:0488322-Jan-2016B:SE/SI/247713-Oct-2015
_cIT
_b1312.5
999 _c216941
_d216941